Redistribución espacial de la población: objetivos, limitaciones e impacto de la acción estatal en Centroamérica el caso de Nicaragua /
Guardado en:
| Autor principal: | |
|---|---|
| Autores Corporativos: | , , , |
| Otros Autores: | , , , , |
| Formato: | Texto |
| Publicado: |
San José:
CSUCA
|
| Etiquetas: |
Agregar Etiqueta
Sin Etiquetas, Sea el primero en etiquetar este registro!
|
MARC
| LEADER | 00000 a a2200000 04500 | ||
|---|---|---|---|
| 001 | 20933 | ||
| 003 | |||
| 040 | |||
| 090 | |a 089700 | ||
| 100 | |a Lavell, Allan | ||
| 110 | |a CSUCA | ||
| 245 | |a Redistribución espacial de la población: objetivos, limitaciones e impacto de la acción estatal en Centroamérica el caso de Nicaragua / |c CSUCA | ||
| 260 | |a San José: |b CSUCA | ||
| 300 | |a 388 p.; v. 4 | ||
| 700 | |a Coraggio, José Luis | ||
| 700 | |a Mena, Jacinto | ||
| 700 | |a Cornick, Jorge | ||
| 700 | |a Morales Alvarez, Miguel | ||
| 700 | |a Sarti, Carlos A. | ||
| 710 | |a CINASE | ||
| 710 | |a PISPAL | ||
| 710 | |a IDRC | ||
| 999 | |c 1528 |d 1528 | ||
